Interaction and coevolution

Збережено в:
Бібліографічні деталі
Автор: Thompson, John N
Формат: Книга
Мова:Англійська
Опубліковано: New York, USA John Wiley 1982
Предмети:
Теги: Додати тег
Немає тегів, Будьте першим, хто поставить тег для цього запису!

MARC

LEADER 00000nam a2200000 a 4500
001 UCU2365
003 CL-VaPUC
005 20230112074243.0
008 960426e19820000US |||||||||||||||||eng|d
999 |c 246671  |d 246669 
040 |c Pontificia Universidad Católica de Valparaíso 
082 0 4 |a 575 THO 1982  |2 21 
100 0 |a Thompson, John N  |9 358464 
245 1 0 |a Interaction and coevolution 
260 0 3 |a New York, USA  |b John Wiley  |c 1982 
300 |a 179 páginas 
583 |a last modification  |c 19960426 00:00:00  |k Rodrigo Vera 
650 0 |a Evolución  |9 259442 
650 0 |a Ecología   |9 258124 
650 7 |a DESARROLLO FISIOLOGICO  |2 CL-VaPUC  |9 312423 
650 0 |a Parasitología  |9 338528 
650 7 |a HABITAT  |2 CL-VaPUC  |9 267395 
650 0 |a Comunidades bióticas   |9 269776 
942 |c BK  |2 ddc 
945 |d 19960426 00:00:00  |a rbrito 
952 |0 0  |1 0  |2 ddc  |4 0  |6 575_000000000000000_THO_1982  |7 0  |8 A  |9 261847  |a BIBCUR  |b BIBCUR  |d 2019-11-19  |i 3193802  |o 575 THO 1982  |p 3193802  |r 2025-04-22  |t 1  |w 2019-11-19  |y BK  |k BCB 
952 |0 0  |1 0  |2 ddc  |4 0  |6 575_000000000000000_THO_1982  |7 0  |8 A  |9 261848  |a BIBCUR  |b BIBCUR  |d 2019-11-19  |i 2085658  |o 575 THO 1982  |p 2085658  |r 2025-04-22  |t 2  |w 2019-11-19  |y BK  |k BIO